Duden. Band 7 : Etymologie. Herkunftswörterbuch der deutschen Sprache

Na minha lista:
Detalhes bibliográficos
Formato: Livro
Idioma:alemão
Publicado em: Mannheim : Dudenverlag, 1989
Edição:2.völ.neu bearb.und erw.Aufl.
Tags: Adicionar Tag
Sem tags, seja o primeiro a adicionar uma tag!

MARC

LEADER 00000nam a22000003a 4500
001 stu6580
005 20150408182005.5
008 940923s1989----gw------------------ger-d
020 |a 3-411-20907-0 
040 |a STU  |b slo 
041 0 |a ger 
044 |a gw 
080 |a 803.0-3(038) 
245 |a Duden. Band 7 :  |b Etymologie. Herkunftswörterbuch der deutschen Sprache 
250 |a 2.völ.neu bearb.und erw.Aufl. 
260 |a Mannheim :  |b Dudenverlag,  |c 1989 
300 |a 839 s 
996 |b E79176  |c E*79176  |l EE18  |s P  |a 0  |w stu6580_0001